Equations différentielles ordinaires
Zapisane w:
| Główni autorzy: | , |
|---|---|
| Format: | Książka |
| Język: | francuski |
| Wydane: |
París
Masson
1973
|
| Hasła przedmiotowe: | |
| Etykiety: |
Dodaj etykietę
Nie ma etykietki, Dołącz pierwszą etykiete!
|
MARC
| LEADER | 00000nam a2200000 a 4500 | ||
|---|---|---|---|
| 001 | UCQ9956 | ||
| 003 | CL-VaPUC | ||
| 008 | 990128e19730000FR |||||||||||||||||fre|d | ||
| 082 | 0 | 4 | |a 515.352 |b ROU |2 21 |
| 100 | 0 | |a Rouche, Nicolás |e author |9 424668 | |
| 700 | 0 | |a Mawhin, J |e author |9 424669 | |
| 245 | 1 | 0 | |a Equations différentielles ordinaires |
| 300 | |a 2 v | ||
| 942 | |c BK | ||
| 945 | |d 19990128 00:00:00 |a crobeson | ||
| 260 | |a París |b Masson |c 1973 | ||
| 500 | |a v.1: Theorie generale | ||
| 500 | |a v.2: Stabilite et solutions periodiques | ||
| 650 | 0 | |a Ecuaciones diferenciales |9 260083 | |
| 650 | 0 | |a Espacios métricos |9 269874 | |
| 650 | 0 | |a Espacios vectoriales |9 21 | |
| 650 | 0 | |a Análisis matricial |9 424670 | |
| 650 | 0 | |a Ecuaciones lineales |9 342219 | |
| 583 | |a last modification |c 19990128 00:00:00 |k Rodrigo Vera | ||
| 999 | |c 278849 |d 278847 | ||
| 952 | |0 0 |1 0 |4 0 |6 515_352000000000000_ROU_1973 |7 0 |8 A |9 317640 |a BIBMAT |b BIBMAT |d 2019-11-20 |h v.1 |i 1319612 |o 515.352 ROU 1973 |p 1319612 |r 2025-01-07 |w 2019-11-20 |y BK |k MAT | ||
| 952 | |0 0 |1 0 |4 0 |6 515_352000000000000_ROU_1973 |7 0 |8 A |9 317641 |a BIBMAT |b BIBMAT |d 2019-11-20 |h v.2 |i 1321935 |o 515.352 ROU 1973 |p 1321935 |r 2025-01-07 |w 2019-11-20 |y BK |k MAT | ||